Henry VIII [ (Record no. 169013)

MARC details
000 -LEADER
campo de control de longitud fija 00760nam a22002055i 4500
001 - NÚMERO DE CONTROL
campo de control 169013
003 - IDENTIFICADOR DE NÚMERO DE CONTROL
campo de control ES-MaACL
005 - FECHA Y HORA DE LA ÚLTIMA TRANSACCIÓN
campo de control 20250303063152.0
008 - DATOS DE LONGITUD FIJA--INFORMACIÓN GENERAL
campo de control de longitud fija 080724s1883 fr |||| | fre d
080 ## - NÚMERO DE LA CLASIFICACIÓN DECIMAL UNIVERSAL
Número de la Clasificación Decimal Universal 782.089.6
100 0# - ENTRADA PRINCIPAL--NOMBRE DE PERSONA
Nombre de persona Saint-Saëns, Camille,
Fechas asociadas al nombre 1835-1921
9 (RLIN) 101553
245 10 - MENCIÓN DEL TÍTULO
Título Henry VIII [
Medio música impresa]
Resto del título : opéra en 4 actes /
Mención de responsabilidad, etc. poème de Léonce Détroyat & Armand Silvestre.
260 ## - PUBLICACIÓN, DISTRIBUCIÓN, ETC.
Lugar de publicación, distribución, etc. Paris :
Nombre del editor, distribuidor, etc. Durand & Schoenewerk,
Fecha de publicación, distribución, etc. [1883]
300 ## - DESCRIPCIÓN FÍSICA
Extensión 1 partitura vocal (384 p.) ;
Dimensiones 28 cm.
650 14 - PUNTO DE ACCESO ADICIONAL DE MATERIA--TÉRMINO DE MATERIA
Término de materia o nombre geográfico como elemento de entrada Óperas-
Subdivisión general Partituras vocales.
9 (RLIN) 137997
700 1# - ENTRADA AGREGADA--NOMBRE PERSONAL
Nombre de persona Détroyat, Léonce.
9 (RLIN) 138116
700 0# - ENTRADA AGREGADA--NOMBRE PERSONAL
Nombre de persona Silvestre, Armand.
9 (RLIN) 106436
852 4# - LOCALIZACIÓN
Ubicación ES-MaACL
Número de control de estantería L-29300
itemnumber R.143686
Nota libre Biblioteca Jacinto Martínez Lacalle
Holdings
Estatus retirado Estado de pérdida Fuente del sistema de clasificación o colocación Estado de daño No para préstamo Colección Biblioteca de origen Biblioteca actual Ubicación en estantería Fecha de adquisición Total de préstamos Signatura topográfica completa Código de barras Visto por última vez Precio de reemplazo Tipo de ítem Koha
    Clasificación decimal universal     Libros del s. XIX Biblioteca del Ateneo de Madrid Biblioteca del Ateneo de Madrid Depósito 2 24/07/2008   L-29300 1177388 23/02/2023 23/02/2023 Partitura